00405nam a2200145Ia 4500100001700000942000700017654001300024245003900037260003300076082001700109300000900126546001200135999001700147952009500164 aCantu/Marco  cBK aComputer aMastering Delphi 2 for Win 95/NT bBPB PublicationaDelhic1996 a5.133bCAN/W a1043 aENGLISH c25617d25617 001040708CRCaCRCEbCRCEd2023-03-17l0o5.133 CAN/Wp10461r2023-03-17w2023-03-17yBK